000 00827cam a2200241 4500
008 090401t1998 xxu||||| |||| 00| 0 eng d
020 _a0582302501
035 _a(Sirsi) u86813
041 _aeng
050 _a336.21026
100 _aPlimmer, Frances
245 _aRating law and valuation.
260 _aHarlow, Essex
_bAddison Wesley Longman Ltd.
_c1998
300 _axxix,262p. ; 24cm.
350 _a17.99
520 _aProvides an examination of the non-domestic rating system, looking at such aspects as rate liability, rateable value and rating lists. Also includes sections on methods of valuation and the valuation of different property types.
650 _aNON-DOMESTIC RATING
650 _aRATING
650 _aValuation
_96273
690 _aRATING AND VALUATION
942 _n0
948 _c15/06/1998
999 _c97179
_d97179